|
|
|
|
| LEADER |
02566nam a2200625 i 4500 |
| 001 |
nkc20193156241 |
| 003 |
CZ PrNK |
| 005 |
20221130092709.0 |
| 007 |
ta |
| 008 |
200803s2021 xr abchf 001 0 eng |
| 015 |
|
|
|a cnb003156241
|
| 020 |
|
|
|a 978-80-200-3089-4
|q (brožováno)
|
| 035 |
|
|
|a (OCoLC)1245648317
|
| 040 |
|
|
|a ABA001
|b cze
|d BOA001
|e rda
|
| 041 |
1 |
|
|a eng
|h cze
|
| 043 |
|
|
|a e-cs---
|a e-ur---
|
| 045 |
|
|
|a x4x6
|
| 072 |
|
7 |
|a 502
|x Životní prostředí a jeho ochrana
|2 Konspekt
|9 2
|
| 080 |
|
|
|a 502:338.23
|2 MRF
|
| 080 |
|
|
|a 502.11(091)
|2 MRF
|
| 080 |
|
|
|a 502.5:712.2
|2 MRF
|
| 080 |
|
|
|a (437)
|2 MRF
|
| 080 |
|
|
|a (47+57)
|2 MRF
|
| 080 |
|
|
|a (048.8)
|2 MRF
|
| 100 |
1 |
|
|a Olšáková, Doubravka,
|d 1977-
|7 js20020122004
|4 aut
|
| 240 |
1 |
0 |
|a Kult jednoty.
|l Anglicky
|
| 245 |
1 |
4 |
|a The cult of unity :
|b the Stalin plan for the transformation of nature in Czechoslovakia, 1948-1964 /
|c Doubravka Olšáková, Jiří Janáč ; translated from the Czech original Kult jednoty ... by Nicholas Orsillo
|
| 250 |
|
|
|a First edition
|
| 264 |
|
1 |
|a Praha :
|b Academia,
|c 2021
|
| 300 |
|
|
|a 298 stran :
|b ilustrace, mapy, portréty, faksimile ;
|c 21 cm
|
| 336 |
|
|
|a text
|b txt
|2 rdacontent
|
| 337 |
|
|
|a bez média
|b n
|2 rdamedia
|
| 338 |
|
|
|a svazek
|b nc
|2 rdacarrier
|
| 490 |
1 |
|
|a Šťastné zítřky =
|a Bright future series ;
|v vol. 31
|
| 504 |
|
|
|a Obsahuje bibliografii, bibliografické odkazy a rejstříky
|
| 648 |
|
4 |
|a 1948-1964
|
| 648 |
|
7 |
|a 1948-1968
|7 ch460677
|2 czenas
|
| 650 |
0 |
7 |
|a environmentální politika
|7 ph119960
|z Československo
|y 1948-1968
|2 czenas
|
| 650 |
0 |
7 |
|a environmentální politika
|7 ph119960
|z Sovětský svaz
|y 1948-1968
|2 czenas
|
| 650 |
0 |
7 |
|a environmentální dějiny
|7 ph214639
|z Československo
|y 1948-1968
|2 czenas
|
| 650 |
0 |
7 |
|a využití krajiny
|7 ph561145
|z Československo
|y 1948-1968
|2 czenas
|
| 650 |
0 |
9 |
|a environmental policy
|z Czechoslovakia
|y 1948-1968
|2 eczenas
|
| 650 |
0 |
9 |
|a environmental policy
|z Soviet Union
|y 1948-1968
|2 eczenas
|
| 650 |
0 |
9 |
|a environmental history
|z Czechoslovakia
|y 1948-1968
|2 eczenas
|
| 650 |
0 |
9 |
|a land use
|z Czechoslovakia
|y 1948-1968
|2 eczenas
|
| 655 |
|
7 |
|a monografie
|7 fd132842
|2 czenas
|
| 655 |
|
9 |
|a monographs
|2 eczenas
|
| 700 |
1 |
|
|a Janáč, Jiří,
|d 1978-
|7 jo2014805360
|4 aut
|
| 700 |
1 |
|
|a Orsillo, Nicholas,
|d 1978-
|7 pna2009526007
|4 trl
|
| 830 |
|
0 |
|a Šťastné zítřky (Academia)
|0 s
|
| 910 |
2 |
|
|a BOA001
|b 2-1460.449
|
| 990 |
|
|
|a BK
|
| 995 |
|
|
|a 01
|
| 991 |
|
|
|b 202104
|c NOV
|
| 996 |
6 |
|
|b 2610854384
|c 2-1460.449
|l MZK
|r Sklad / do 1 hodiny
|n 1
|p p.v.
|w 001841464
|u 000010
|a 1
|e BOA001
|j MZK50
|s P
|